Countries that start with P - Statistics

General Stats
  • This quiz has been taken 53 times
  • The average score is 8 of 9
Answer Stats
Continent Answer % Correct
South America Paraguay
98%
Asia Pakistan
96%
North America Panama
96%
South America Peru
94%
Oceania Palau
92%
Europe Poland
92%
Europe Portugal
92%
Oceania Papua New Guinea
84%
Asia Philippines
84%
No matching quizzes found
Score Distribution
Percent of People with Each Score
Percentile by Number Answered
Your Score History
You have not taken this quiz